=LDR 00000nam 2200000 4500 =001 INLIS000000000031277 =005 20130612133346 =008 ***********************************ind** =035 ##$$0010-061300000031277 =041 ##$$a ind =082 ##$$a 635. 9 =090 ##$$a 635. 9 , Pur a =100 ##$$a Purwanto,Arie W =245 ##$$a Anhnurium , Tanaman daun eksofik, Arie W.Purwanto =260 ##$$a 2007 $b Jakarta =300 ##$$a 180 hlm. , ilus. , 20 cm =650 ##$$a Tanaman Hias =850 ##$$a NBPNMAT